000 00229nam a2200097Ia 4500
005 20251222143135.0
008 251222s9999||||xx |||||||||||||| ||spa||
082 _a231.3/E86
245 0 _aEspĂ­ritu Santo, Amor de Dios
942 _cLIB
999 _c12077
_d12077